000 02116cam a2200169 4500500
005 20260111094146.0
041 _afre
042 _adc
100 1 0 _aLarguier, Gilbert
_eauthor
245 0 0 _aNaissance, enfance et éducation dans la France méridionale du xvie au xxe siècle. Hommage à Mireille Laget, Montpellier, Centre d’Histoire moderne et contemporaine de l’Europe méditerranéenne et de ses périphéries (xvie-xixe siècles), Université Paul Valéry-Montpellier iii, 1999, 453 p.
260 _c2001.
500 _a100
520 _aRésumé L’historien ruraliste a beaucoup à apprendre d’un corpus en cours de recollection : celui des statuts communaux de l’actuel département de Vaucluse. À travers l’exemple d’une petite communauté du bas Rhône, Gigondas, on étudie au ras du sol le processus d’élaboration de la loi locale et la part respective qu’y prennent le seigneur et la communauté. Une fois rédigés et consentis par tous, les statuts jettent sur le terrain un filet normatif à mailles si serrées qu’il oblige, entre autres questions, à mettre en examen la notion d’individualisme agraire que l’on dit inhérent aux paysanneries méridionales.
520 _aRural historians can learn much from a corpus in the process of being compiled, that of the communal statutes of the present département of Vaucluse. The case of a small community on the lower Rhône, Gigondas, provides an opportunity to study at the grassroots level the process whereby local legal custom was elaborated, and the respective shares of lord and community in this elaboration. Once written down and agreed upon by all concerned, these statutes covered the area with such a dense network of normative rules that they put into question, among other things, the common conception of agrarian individualism said to be an inherent trait of Southern peasantry.
786 0 _nHistoire & Sociétés Rurales | 16 | 2 | 2001-10-01 | p. 205l-268l | 1254-728X
856 4 1 _uhttps://shs.cairn.info/revue-histoire-et-societes-rurales-2001-2-page-205l?lang=fr&redirect-ssocas=7080
999 _c1628185
_d1628185